000 00862nam a2200253Ia 4500
003 OSt
005 20220923215725.0
006 a|||||r|||| 00| 0
007 ta
008 220922b |||||||| |||| 00| 0 hin d
024 _a181,210
037 _cTextual
040 _aARTS
_cARTS
_bhin
041 _2hin
_ahin
082 _aO152,1N325x, K4
100 _aमिश्र, रामप्रसाद
245 0 _aबौद्विक रस
_b कविता संग्रह
246 _aBaudvik rasa: kavitā sangraha
260 _aदिल्ली
_b अनिल प्रकाशन मन्दिर
_c1964
300 _a148 पृ.
_ccm.
650 _aहिन्दी साहित्य
_9156264
942 _hO152,1N325x, K4
_cTEXL
_2CC
999 _c334588
_d334588